| 000 | 00946nam a2200265 a 4500 | ||
|---|---|---|---|
| 999 |
_c490132 _d490132 |
||
| 003 | BLK | ||
| 005 | 20250213151140.0 | ||
| 008 | 210901b bu |||||r|||| 00| | bu d | ||
| 020 | _a9789542841555 | ||
| 040 | _aBLK | ||
| 041 |
_aBUL _cBUL |
||
| 080 |
_aКанадска литература _b821.111(71) _z821.111(71)-31 _x-31 |
||
| 100 |
_9487087 _aСтейпли, Мариса _eпърви автор |
||
| 139 |
_aСтейпли, Мариса _bС 75 |
||
| 245 |
_aЛъки _cМариса Стейпли, прев. от англ. Надежда Розова |
||
| 257 | _aFRA | ||
| 260 |
_9217021 _aСофия _bСиела Норма _c2023 _f ([София] : Алианс принт) |
||
| 300 |
_a256 с. _c21 см |
||
| 380 | _aX | ||
| 500 | _aОриг. загл.: Lucuy / Маrissa Stapley | ||
| 852 | _bП | ||
| 856 |
_i0.00 _ldisable |
||
| 942 |
_cKNG _n0 _s1 _068 |
||
| 944 |
_aCR _c2023-03-24 _k30530 _lМинев Младен |
||